000 00742nam a22002177a 4500
003 OSt
005 20250221173751.0
008 230926b ||||| |||| 00| 0 eng d
040 _c0
082 _aDPer 379.1 J826 Winter - Spring 2020 v. 45 n. 3-4
100 _aTheobald, Neil.
_eauthor.
_949317
245 _aWyoming /
_cNeil Theobald.
260 _aUnited States ;
_bUniversity of Illinois Press and Johns Hopkins University Press,
_cWinter 2020.
300 _avolume 45, pages 398-400.
500 _aJournal of Education Finance, v. 45 n. 3, pages 398-400, Winter 2020.
650 _aFinance.
_949318
650 _aBudget.
_949319
650 _aEducation.
_949320
700 _aTheobald, Neil.
_eauthor.
_949317
942 _2ddc
_cPER
999 _c18263
_d18263